[Event "Fancy Lake Veranda CAN"]
[Site "Fancy Lake CAN"]
[Date "2012.08.04"]
[Round "1"]
[White "Wysocki, Antoni"]
[Black "Giacomin, Gordon"]
[Result "1-0"]
[WhiteElo "2224"]
[BlackElo "1923"]
[PlyCount "69"]
[GameId "2160767909441777"]
[EventDate "2012.08.04"]
[EventType "tourn"]
[EventRounds "5"]
[EventCountry "CAN"]
[SourceTitle "EXT 2022"]
[Source "ChessBase"]
[SourceDate "2021.10.06"]
[SourceVersion "1"]
[SourceVersionDate "2021.10.06"]
[SourceQuality "1"]

1. c4 Nf6 2. Nf3 e6 3. Nc3 Bb4 4. g4 O-O 5. g5 Bxc3 6. dxc3 Ne4 7. Qc2 f5 8. gxf6 Nxf6 9. Rg1 Kh8 10. Bg5 Qe8 11. O-O-O e5 12. Bh3 d6 13. Bxc8 Qxc8 14. c5 Qe6 15. Qb3 Qxb3 16. axb3 Ne4 17. cxd6 cxd6 18. Be7 Re8 19. Bxd6 Nd7 20. Bc7 Re7 21. Rg2 Rc8 22. Bd6 Re6 23. Ba3 Ndf6 24. Nd2 Rd8 25. Nxe4 Rxd1+ 26. Kxd1 Nxe4 27. f3 Nf6 28. e4 Kg8 29. Rd2 Kf7 30. Ke2 b6 31. Rd8 Rc6 32. Ra8 a5 33. Ra7+ Kg6 34. Re7 b5 35. b4 1-0

[Event "Fancy Lake Veranda CAN"]
[Site "Fancy Lake CAN"]
[Date "2012.08.04"]
[Round "2"]
[White "Kenney, David"]
[Black "Charlton, Glenn"]
[Result "0-1"]
[WhiteElo "1942"]
[BlackElo "2049"]
[PlyCount "76"]
[GameId "2160767909441778"]
[EventDate "2012.08.04"]
[EventType "tourn"]
[EventRounds "5"]
[EventCountry "CAN"]
[SourceTitle "EXT 2022"]
[Source "ChessBase"]
[SourceDate "2021.10.06"]
[SourceVersion "1"]
[SourceVersionDate "2021.10.06"]
[SourceQuality "1"]

1. d4 Nf6 2. Nf3 g6 3. c4 Bg7 4. g3 O-O 5. Bg2 d6 6. O-O Nc6 7. Nc3 a6 8. e4 Bg4 9. Be3 Nd7 10. Qd2 Bxf3 11. Bxf3 e5 12. d5 Nd4 13. Bg2 c5 14. dxc6 bxc6 15. Rac1 Qa5 16. f4 Qb4 17. b3 a5 18. f5 a4 19. bxa4 Qxc4 20. Rf2 Qb4 21. g4 Rfb8 22. g5 Nb6 23. Bf1 Nxa4 24. f6 Bf8 25. Bxd4 exd4 26. Nxa4 Qxa4 27. Rc4 Qa7 28. Rxc6 Qd7 29. Rc4 d5 30. exd5 Qxd5 31. Rxd4 Qa5 32. Kh1 Bb4 33. Qf4 Bc5 34. Rd5 Qa7 35. Rfd2 Be3 36. Qc4 Bxd2 37. Rxd2 Rd8 38. Rxd8+ Rxd8 0-1

[Event "Fancy Lake Veranda CAN"]
[Site "Fancy Lake CAN"]
[Date "2012.08.04"]
[Round "2"]
[White "Naugler, Rex"]
[Black "Giacomin, Gordon"]
[Result "0-1"]
[WhiteElo "1781"]
[BlackElo "1923"]
[PlyCount "54"]
[GameId "2160767909441779"]
[EventDate "2012.08.04"]
[EventType "tourn"]
[EventRounds "5"]
[EventCountry "CAN"]
[SourceTitle "EXT 2022"]
[Source "ChessBase"]
[SourceDate "2021.10.06"]
[SourceVersion "1"]
[SourceVersionDate "2021.10.06"]
[SourceQuality "1"]

1. d4 Nf6 2. Bf4 e6 3. Nf3 d5 4. e3 Bd6 5. Bg3 O-O 6. Nbd2 b6 7. Ne5 Bb7 8. Bd3 c5 9. c3 Nc6 10. f4 Rc8 11. Bh4 Be7 12. O-O Nxe5 13. fxe5 Ne4 14. Bxe7 Qxe7 15. Rf4 f5 16. exf6 Nxf6 17. Qe2 e5 18. dxe5 Qxe5 19. Nf3 Qe7 20. Nh4 Rce8 21. Nf5 Qe5 22. Bb5 Re6 23. Qf3 Bc6 24. Bxc6 Rxc6 25. Qg3 Nd7 26. Nh6+ Rxh6 27. Rxf8+ Kxf8 0-1

[Event "Fancy Lake Veranda CAN"]
[Site "Fancy Lake CAN"]
[Date "2012.08.04"]
[Round "2"]
[White "Pentz, Brian"]
[Black "Wysocki, Antoni"]
[Result "0-1"]
[WhiteElo "1903"]
[BlackElo "2224"]
[PlyCount "92"]
[GameId "2160767909441780"]
[EventDate "2012.08.04"]
[EventType "tourn"]
[EventRounds "5"]
[EventCountry "CAN"]
[SourceTitle "EXT 2022"]
[Source "ChessBase"]
[SourceDate "2021.10.06"]
[SourceVersion "1"]
[SourceVersionDate "2021.10.06"]
[SourceQuality "1"]

1. f4 g6 2. Nf3 Bg7 3. c4 Nf6 4. Nc3 O-O 5. e3 c5 6. Be2 d5 7. cxd5 Nxd5 8. O-O Nc6 9. a3 b6 10. Qc2 Bb7 11. f5 Rc8 12. fxg6 hxg6 13. Nxd5 Qxd5 14. Bc4 Qh5 15. Rb1 Ne5 16. Be2 Nxf3+ 17. Bxf3 Bxf3 18. Rxf3 Be5 19. h3 Qh4 20. Qd1 Qe4 21. d3 Rcd8 22. dxe4 Rxd1+ 23. Rf1 Rfd8 24. b3 Bh2+ 25. Kf2 Bg3+ 26. Ke2 Rxf1 27. Kxf1 Rd1+ 28. Ke2 Rg1 29. Kf3 Be5 30. Kf2 Rh1 31. Ke2 b5 32. a4 a6 33. axb5 axb5 34. Kd3 Rg1 35. Kc2 Rxg2+ 36. Bd2 c4 37. bxc4 bxc4 38. Rb5 f6 39. Kd1 c3 40. Bc1 c2+ 41. Ke1 Bg3+ 42. Kf1 Rf2+ 43. Kg1 Re2 44. Rc5 Re1+ 45. Kg2 Rxc1 46. Kxg3 Rg1+ 0-1

[Event "Fancy Lake Veranda CAN"]
[Site "Fancy Lake CAN"]
[Date "2012.08.04"]
[Round "3"]
[White "Charlton, Glenn"]
[Black "Wysocki, Antoni"]
[Result "0-1"]
[WhiteElo "2049"]
[BlackElo "2224"]
[PlyCount "52"]
[GameId "2160767909441781"]
[EventDate "2012.08.04"]
[EventType "tourn"]
[EventRounds "5"]
[EventCountry "CAN"]
[SourceTitle "EXT 2022"]
[Source "ChessBase"]
[SourceDate "2021.10.06"]
[SourceVersion "1"]
[SourceVersionDate "2021.10.06"]
[SourceQuality "1"]

1. e4 c5 2. Nc3 e6 3. f4 d5 4. Nf3 Nf6 5. e5 Ng8 6. g3 Nc6 7. d3 Nh6 8. Bg2 Be7 9. O-O O-O 10. Bd2 Rb8 11. h3 Nf5 12. g4 Nfd4 13. Ne2 Nxf3+ 14. Bxf3 f6 15. exf6 Bxf6 16. c3 b5 17. Be3 Qd6 18. Rc1 d4 19. Bf2 Bb7 20. Bg3 dxc3 21. Nxc3 Rbd8 22. Ne4 Bd4+ 23. Kh2 Qe7 24. Qb3 Nb4 25. Rfd1 Bd5 26. Qa3 Nxa2 0-1

[Event "Fancy Lake Veranda CAN"]
[Site "Fancy Lake CAN"]
[Date "2012.08.04"]
[Round "3"]
[White "Giacomin, Gordon"]
[Black "Pentz, Brian"]
[Result "1-0"]
[WhiteElo "1923"]
[BlackElo "1903"]
[PlyCount "63"]
[GameId "2160767909441782"]
[EventDate "2012.08.04"]
[EventType "tourn"]
[EventRounds "5"]
[EventCountry "CAN"]
[SourceTitle "EXT 2022"]
[Source "ChessBase"]
[SourceDate "2021.10.06"]
[SourceVersion "1"]
[SourceVersionDate "2021.10.06"]
[SourceQuality "1"]

1. e4 Nc6 2. Nf3 d5 3. exd5 Qxd5 4. Nc3 Qa5 5. d4 Bg4 6. Be2 O-O-O 7. Be3 Nf6 8. O-O e5 9. h3 Nxd4 10. Bxd4 exd4 11. hxg4 Nxg4 12. Ne4 Bd6 13. Nxd6+ Rxd6 14. Nh4 f5 15. Bxg4 fxg4 16. g3 Rf8 17. f4 Qc5 18. Qd3 g6 19. Rae1 Qd5 20. b3 Rc6 21. c4 Qd7 22. Re4 Rd6 23. Rfe1 Qd8 24. b4 Qf6 25. Re5 Rfd8 26. Ng2 h5 27. Nh4 Rg8 28. R1e4 Rgd8 29. c5 R6d7 30. Re6 Qf7 31. Nxg6 Rd5 32. Ne7+ 1-0

[Event "Fancy Lake Veranda CAN"]
[Site "Fancy Lake CAN"]
[Date "2012.08.04"]
[Round "3"]
[White "Kenney, David"]
[Black "Naugler, Rex"]
[Result "1-0"]
[WhiteElo "1942"]
[BlackElo "1781"]
[PlyCount "83"]
[GameId "2160767909441783"]
[EventDate "2012.08.04"]
[EventType "tourn"]
[EventRounds "5"]
[EventCountry "CAN"]
[SourceTitle "EXT 2022"]
[Source "ChessBase"]
[SourceDate "2021.10.06"]
[SourceVersion "1"]
[SourceVersionDate "2021.10.06"]
[SourceQuality "1"]

1. d4 d5 2. Nf3 e6 3. e3 f5 4. c4 c6 5. Nc3 Nf6 6. Be2 Bd6 7. O-O O-O 8. b3 Nbd7 9. Bb2 Ne4 10. Rc1 Ndf6 11. Bd3 Bd7 12. Ne2 Ng4 13. Qe1 Qc7 14. g3 Be8 15. Nf4 Qe7 16. h3 Ngf6 17. c5 Bc7 18. Kg2 g5 19. Ne2 Bh5 20. Ne5 Qd8 21. f3 g4 22. hxg4 Bxg4 23. fxg4 Bxe5 24. dxe5 Nxg4 25. Nf4 Qg5 26. Bxe4 fxe4 27. Bd4 Rae8 28. Rh1 Re7 29. Rh5 Qg7 30. Qh1 Rf5 31. Qh4 Nxe5 32. Rxf5 exf5 33. Nh5 Qf7 34. Qg5+ Kf8 35. Qh6+ Ke8 36. Bxe5 Rxe5 37. Nf4 Re7 38. Qd6 Rd7 39. Qe6+ Qxe6 40. Nxe6 Ke7 41. Nd4 Kf6 42. Rf1 1-0

[Event "Fancy Lake Veranda CAN"]
[Site "Fancy Lake CAN"]
[Date "2012.08.05"]
[Round "4"]
[White "Charlton, Glenn"]
[Black "Giacomin, Gordon"]
[Result "1/2-1/2"]
[WhiteElo "2049"]
[BlackElo "1923"]
[PlyCount "41"]
[GameId "2160767909441784"]
[EventDate "2012.08.04"]
[EventType "tourn"]
[EventRounds "5"]
[EventCountry "CAN"]
[SourceTitle "EXT 2022"]
[Source "ChessBase"]
[SourceDate "2021.10.06"]
[SourceVersion "1"]
[SourceVersionDate "2021.10.06"]
[SourceQuality "1"]

1. e4 c6 2. d4 d5 3. exd5 cxd5 4. Bd3 Nc6 5. c3 Nf6 6. Bf4 Bg4 7. Qb3 Qd7 8. Nd2 e6 9. Ngf3 Bxf3 10. Nxf3 Bd6 11. Bg3 O-O 12. O-O Qc7 13. Rae1 Nh5 14. Qd1 Nxg3 15. hxg3 g6 16. Qd2 Rae8 17. Nh2 f6 18. f4 Kg7 19. Ng4 Qf7 20. Bb5 Re7 21. Bxc6 1/2-1/2

[Event "Fancy Lake Veranda CAN"]
[Site "Fancy Lake CAN"]
[Date "2012.08.05"]
[Round "4"]
[White "Kenney, David"]
[Black "Wysocki, Antoni"]
[Result "0-1"]
[WhiteElo "1942"]
[BlackElo "2224"]
[PlyCount "74"]
[GameId "2160767909441785"]
[EventDate "2012.08.04"]
[EventType "tourn"]
[EventRounds "5"]
[EventCountry "CAN"]
[SourceTitle "EXT 2022"]
[Source "ChessBase"]
[SourceDate "2021.10.06"]
[SourceVersion "1"]
[SourceVersionDate "2021.10.06"]
[SourceQuality "1"]

1. d4 Nf6 2. Nf3 g6 3. g3 Bg7 4. c4 O-O 5. Bg2 d5 6. cxd5 Nxd5 7. e4 Nb6 8. Nc3 Nc6 9. d5 Na5 10. O-O c6 11. dxc6 Nxc6 12. Be3 Nc4 13. Bc1 Qa5 14. Qe2 Be6 15. Nd5 b5 16. Nf4 Bg4 17. h3 Nd4 18. Qd1 Nxf3+ 19. Bxf3 Nxb2 20. Bxb2 Bxf3 21. Qxf3 Bxb2 22. Rab1 Bg7 23. Qb3 a6 24. h4 e6 25. Rfd1 Rfd8 26. Ng2 Bd4 27. Nf4 Qb6 28. Nh3 Qc6 29. Re1 Rac8 30. Re2 Qc4 31. Qf3 Qc3 32. Qg4 h5 33. Qg5 Qf3 34. Rbe1 Bc3 35. Re3 Qg4 36. Rc1 Bf6 37. Qxg4 Rxc1+ 0-1

[Event "Fancy Lake Veranda CAN"]
[Site "Fancy Lake CAN"]
[Date "2012.08.05"]
[Round "4"]
[White "Naugler, Rex"]
[Black "Pentz, Brian"]
[Result "1/2-1/2"]
[WhiteElo "1781"]
[BlackElo "1903"]
[PlyCount "80"]
[GameId "2160767909441786"]
[EventDate "2012.08.04"]
[EventType "tourn"]
[EventRounds "5"]
[EventCountry "CAN"]
[SourceTitle "EXT 2022"]
[Source "ChessBase"]
[SourceDate "2021.10.06"]
[SourceVersion "1"]
[SourceVersionDate "2021.10.06"]
[SourceQuality "1"]

1. d4 f5 2. g3 Nf6 3. Bg2 e6 4. Nf3 Be7 5. O-O O-O 6. c4 d6 7. b4 Ne4 8. Nfd2 d5 9. c5 c6 10. f3 Ng5 11. Bb2 Bf6 12. f4 Ne4 13. Nf3 a5 14. a3 b6 15. Ne5 Ba6 16. Nd2 Bxe5 17. fxe5 Nxd2 18. Qxd2 Bc4 19. cxb6 Qxb6 20. bxa5 Qxa5 21. Bc3 Qa6 22. Bb4 Rf7 23. Rfe1 Nd7 24. e3 Qa7 25. Rab1 c5 26. dxc5 Nxc5 27. Qd4 Nd3 28. Red1 Nxb4 29. axb4 Rb8 30. Bf1 Bxf1 31. Kxf1 Qxd4 32. Rxd4 Rfb7 33. Ke2 Kf7 34. Kd3 Kg6 35. Kc3 Kg5 36. Rh4 h6 37. Rd4 h5 38. h4+ Kg6 39. Ra1 Kf7 40. Ra5 Ke7 1/2-1/2

[Event "Fancy Lake Veranda CAN"]
[Site "Fancy Lake CAN"]
[Date "2012.08.05"]
[Round "5"]
[White "Giacomin, Gordon"]
[Black "Kenney, David"]
[Result "1/2-1/2"]
[WhiteElo "1923"]
[BlackElo "1942"]
[PlyCount "42"]
[GameId "2160767909441787"]
[EventDate "2012.08.04"]
[EventType "tourn"]
[EventRounds "5"]
[EventCountry "CAN"]
[SourceTitle "EXT 2022"]
[Source "ChessBase"]
[SourceDate "2021.10.06"]
[SourceVersion "1"]
[SourceVersionDate "2021.10.06"]
[SourceQuality "1"]

1. e4 e5 2. Nf3 Nc6 3. Bb5 a6 4. Ba4 Nf6 5. O-O Be7 6. Re1 b5 7. Bb3 d6 8. c3 O-O 9. h3 Nb8 10. d4 Nbd7 11. Nbd2 Bb7 12. Bc2 Re8 13. Nf1 h6 14. Ng3 Bf8 15. a4 g6 16. Qd3 c6 17. Bb3 Bg7 18. Bd2 Qb6 19. a5 Qc7 20. Bc2 c5 21. b4 c4 1/2-1/2

[Event "Fancy Lake Veranda CAN"]
[Site "Fancy Lake CAN"]
[Date "2012.08.05"]
[Round "5"]
[White "Pentz, Brian"]
[Black "Charlton, Glenn"]
[Result "1/2-1/2"]
[WhiteElo "1903"]
[BlackElo "2049"]
[PlyCount "76"]
[GameId "2160767909441788"]
[EventDate "2012.08.04"]
[EventType "tourn"]
[EventRounds "5"]
[EventCountry "CAN"]
[SourceTitle "EXT 2022"]
[Source "ChessBase"]
[SourceDate "2021.10.06"]
[SourceVersion "1"]
[SourceVersionDate "2021.10.06"]
[SourceQuality "1"]

1. Nf3 Nf6 2. c4 g6 3. Nc3 Bg7 4. g3 O-O 5. Bg2 d6 6. O-O e5 7. d3 h6 8. Bd2 Re8 9. e4 c6 10. Qc1 Kh7 11. Ne1 Na6 12. f4 Nc7 13. Rb1 b5 14. Nc2 Rb8 15. b4 bxc4 16. dxc4 Ba6 17. Ne3 exf4 18. Rxf4 Ne6 19. Rf2 Ng5 20. b5 cxb5 21. cxb5 Bb7 22. Ned5 Ngxe4 23. Nxf6+ Nxf6 24. Rb4 Bxg2 25. Kxg2 d5 26. Rh4 h5 27. Bg5 d4 28. Rhf4 dxc3 29. Bxf6 Qd5+ 30. Kg1 Bxf6 31. Rxf6 Re7 32. a4 Rbe8 33. Qxc3 Re1+ 34. Rf1 Rxf1+ 35. Rxf1 Re2 36. Qf3 Qxf3 37. Rxf3 f5 38. Rd3 Re7 1/2-1/2

[Event "Fancy Lake Veranda CAN"]
[Site "Fancy Lake CAN"]
[Date "2012.08.05"]
[Round "5"]
[White "Wysocki, Antoni"]
[Black "Naugler, Rex"]
[Result "1/2-1/2"]
[WhiteElo "2224"]
[BlackElo "1781"]
[PlyCount "51"]
[GameId "2160767909441789"]
[EventDate "2012.08.04"]
[EventType "tourn"]
[EventRounds "5"]
[EventCountry "CAN"]
[SourceTitle "EXT 2022"]
[Source "ChessBase"]
[SourceDate "2021.10.06"]
[SourceVersion "1"]
[SourceVersionDate "2021.10.06"]
[SourceQuality "1"]

1. c4 e5 2. g3 Nf6 3. Bg2 Nc6 4. Nc3 Be7 5. Nf3 Rb8 6. O-O b6 7. b3 Bb7 8. Bb2 d6 9. e3 e4 10. Ng5 d5 11. cxd5 Nb4 12. Ncxe4 Ba6 13. Nxf7 Kxf7 14. Ng5+ Kg8 15. Bh3 Bc8 16. Be6+ Bxe6 17. dxe6 Qd5 18. Nf7 Qxe6 19. Nxh8 Kxh8 20. d4 Qe4 21. Qe2 Nbd5 22. Rac1 Bd6 23. Qc2 Qf3 24. Qd1 Qe4 25. Qc2 Qf3 26. Qd1 1/2-1/2

[Event "Gatineau Commanditaires op"]
[Site "Gatineau CAN"]
[Date "2012.02.28"]
[Round "1"]
[White "Brousseau, Yvan"]
[Black "Arsenault, Yves"]
[Result "1-0"]
[WhiteElo "2004"]
[BlackElo "1570"]
[PlyCount "133"]
[GameId "2160767909576141"]
[EventDate "2012.02.28"]
[EventType "swiss"]
[EventRounds "4"]
[EventCountry "CAN"]
[SourceTitle "EXT 2013"]
[Source "ChessBase"]
[SourceDate "2012.11.22"]
[SourceVersion "1"]
[SourceVersionDate "2012.11.22"]
[SourceQuality "1"]

1. f4 Nf6 2. Nf3 Nc6 3. b3 d5 4. Bb2 e6 5. e3 Bd6 6. a3 O-O 7. c4 Re8 8. Ne5 Bxe5 9. fxe5 Ne4 10. Qf3 Qh4+ 11. g3 Ng5 12. Qf4 Qxf4 13. gxf4 Nf3+ 14. Kf2 Nh4 15. d4 b6 16. Nd2 Bb7 17. cxd5 exd5 18. Rc1 Nf5 19. Rg1 a6 20. Bh3 Nfe7 21. f5 Bc8 22. Rg3 Nd8 23. f6 Bxh3 24. fxe7 Rxe7 25. Rxh3 Ne6 26. Rg3 c5 27. dxc5 Nxc5 28. Ke2 h6 29. b4 Nd7 30. Nf3 b5 31. Rc7 Kf8 32. Rc6 Re6 33. Rxe6 fxe6 34. Bd4 Rc8 35. Kd2 Nb8 36. Bc5+ Kf7 37. Nd4 Nd7 38. Rf3+ Kg6 39. Bd6 Re8 40. Bc7 Nf8 41. Rf1 Nh7 42. Rc1 Ng5 43. Bd6 Ne4+ 44. Ke2 Ng5 45. Rc6 Ra8 46. Be7 a5 47. bxa5 Rxa5 48. Bb4 Ra8 49. Nxe6 Nxe6 50. Rxe6+ Kf5 51. Re7 Rc8 52. Rxg7 Kxe5 53. Kd3 Rc4 54. Bc3+ Kf5 55. Rb7 Rh4 56. Rxb5 Ke6 57. Rb2 Kf5 58. Bd4 Re4 59. a4 Re8 60. a5 Ra8 61. Bb6 h5 62. Kd4 Ke6 63. Rg2 Rc8 64. Rg5 Rc4+ 65. Kd3 Rh4 66. a6 Rxh2 67. a7 1-0

[Event "Gatineau Commanditaires op"]
[Site "Gatineau CAN"]
[Date "2012.02.28"]
[Round "1"]
[White "Dagenais, Benoit"]
[Black "Simard, Paul"]
[Result "1-0"]
[WhiteElo "1702"]
[BlackElo "1165"]
[PlyCount "57"]
[GameId "2160767909576142"]
[EventDate "2012.02.28"]
[EventType "swiss"]
[EventRounds "4"]
[EventCountry "CAN"]
[SourceTitle "EXT 2013"]
[Source "ChessBase"]
[SourceDate "2012.11.22"]
[SourceVersion "1"]
[SourceVersionDate "2012.11.22"]
[SourceQuality "1"]

1. e4 d6 2. d4 g6 3. c4 Bg7 4. Bg5 Nf6 5. Nc3 O-O 6. Qd2 Nc6 7. d5 Ne5 8. f4 Ned7 9. Nf3 Nc5 10. Bxf6 Bxf6 11. h4 h5 12. e5 dxe5 13. fxe5 Bg7 14. Be2 Bf5 15. Nd4 Ne4 16. Nxe4 Bxe4 17. Qe3 Bf5 18. Nxf5 gxf5 19. Bxh5 Qd7 20. Bf3 Qa4 21. b3 Qb4+ 22. Ke2 Rac8 23. h5 f6 24. h6 Rf7 25. e6 f4 26. exf7+ Kxf7 27. Qe6+ Kg6 28. Be4+ Kg5 29. Qf5# 1-0

[Event "Gatineau Commanditaires op"]
[Site "Gatineau CAN"]
[Date "2012.02.28"]
[Round "1"]
[White "Danilov, Alex"]
[Black "Jiang, Qizhe"]
[Result "1/2-1/2"]
[WhiteElo "1713"]
[BlackElo "1354"]
[PlyCount "134"]
[GameId "2160767909576143"]
[EventDate "2012.02.28"]
[EventType "swiss"]
[EventRounds "4"]
[EventCountry "CAN"]
[SourceTitle "EXT 2013"]
[Source "ChessBase"]
[SourceDate "2012.11.22"]
[SourceVersion "1"]
[SourceVersionDate "2012.11.22"]
[SourceQuality "1"]

1. e4 d6 2. Nf3 g6 3. Bc4 Nf6 4. d3 Bg7 5. c3 e5 6. h3 Nc6 7. Bg5 h6 8. Be3 a6 9. a4 d5 10. exd5 Nxd5 11. Bc5 Bf8 12. Bxf8 Kxf8 13. b4 Qd6 14. O-O Kg7 15. d4 exd4 16. Nxd4 Rd8 17. Qf3 Ne5 18. Qxd5 Qxd5 19. Bxd5 Rxd5 20. Nd2 c5 21. bxc5 Rxc5 22. Ne4 Rc7 23. f4 Nc6 24. f5 Nxd4 25. f6+ Kf8 26. cxd4 Rc4 27. Rfd1 Bf5 28. Nd6 Rc6 29. Nxb7 Rxf6 30. Rac1 Bd7 31. a5 Bc6 32. Nc5 Rd8 33. Rd2 Bb5 34. Rcd1 Rd5 35. Ne4 Rf4 36. Nc3 Rd6 37. Nxb5 axb5 38. Rb1 Rfxd4 39. Rxd4 Rxd4 40. Rxb5 Rd6 41. Kf2 Ke7 42. Ke3 Ra6 43. Kd4 Kd8 44. Kc5 Kc7 45. Kb4 f5 46. Re5 Rf6 47. Kb5 Kb8 48. a6 g5 49. Re8+ Ka7 50. Re7+ Ka8 51. Rc7 h5 52. Rg7 g4 53. h4 f4 54. Rg5 f3 55. gxf3 gxf3 56. Rg8+ Ka7 57. Rg7+ Ka8 58. Rg1 f2 59. Rf1 Ka7 60. Kc4 Kxa6 61. Kd3 Rf4 62. Ke3 Rxh4 63. Rxf2 Rh3+ 64. Kf4 Kb5 65. Re2 Rc3 66. Re5+ Rc5 67. Rxc5+ Kxc5 1/2-1/2

[Event "Gatineau Commanditaires op"]
[Site "Gatineau CAN"]
[Date "2012.02.28"]
[Round "1"]
[White "Guimond, Michel"]
[Black "Raymond, Robert"]
[Result "1-0"]
[WhiteElo "1923"]
[BlackElo "1451"]
[PlyCount "57"]
[GameId "2160767909576144"]
[EventDate "2012.02.28"]
[EventType "swiss"]
[EventRounds "4"]
[EventCountry "CAN"]
[SourceTitle "EXT 2013"]
[Source "ChessBase"]
[SourceDate "2012.11.22"]
[SourceVersion "1"]
[SourceVersionDate "2012.11.22"]
[SourceQuality "1"]

1. e4 e5 2. Bc4 Nf6 3. d4 exd4 4. Nf3 Nc6 5. e5 d5 6. Bb5 Ne4 7. Nxd4 Bd7 8. e6 fxe6 9. Bxc6 bxc6 10. O-O Bd6 11. Qh5+ g6 12. Qh6 Bf8 13. Qe3 Bg7 14. f3 Bxd4 15. Qxd4 Nf6 16. Bh6 Qe7 17. Re1 c5 18. Qe5 O-O-O 19. b4 c4 20. Nc3 Rde8 21. Bg5 Rhf8 22. Qd4 Kb7 23. Rad1 Bc6 24. b5 e5 25. bxc6+ Kb8 26. Bxf6 Qxf6 27. Qxd5 Rd8 28. Qb5+ Ka8 29. Qb7# 1-0

[Event "Gatineau Commanditaires op"]
[Site "Gatineau CAN"]
[Date "2012.02.28"]
[Round "1"]
[White "Lemieux, Denis"]
[Black "Desjardins, Michel"]
[Result "0-1"]
[WhiteElo "1382"]
[BlackElo "1861"]
[PlyCount "80"]
[GameId "2160767909576145"]
[EventDate "2012.02.28"]
[EventType "swiss"]
[EventRounds "4"]
[EventCountry "CAN"]
[SourceTitle "EXT 2013"]
[Source "ChessBase"]
[SourceDate "2012.11.22"]
[SourceVersion "1"]
[SourceVersionDate "2012.11.22"]
[SourceQuality "1"]

1. d4 d5 2. c4 c6 3. cxd5 cxd5 4. Nc3 Nc6 5. Bf4 e5 6. dxe5 d4 7. Nb1 Qa5+ 8. Bd2 Qxe5 9. Nf3 Qe4 10. h3 Nf6 11. g3 Nb4 12. Bxb4 Bxb4+ 13. Nbd2 O-O 14. a3 Bxd2+ 15. Qxd2 Re8 16. Qxd4 Qxf3 17. Rg1 Bxh3 18. O-O-O Qc6+ 19. Kb1 Bxf1 20. Rgxf1 Qe4+ 21. Qxe4 Rxe4 22. e3 Ree8 23. Rd6 Red8 24. Rfd1 Rxd6 25. Rxd6 Kf8 26. Kc2 Rc8+ 27. Kd3 Ke7 28. Rd4 Rd8 29. Rxd8 Kxd8 30. f3 Kd7 31. Kd4 Kd6 32. e4 Nd7 33. f4 f6 34. b4 b5 35. g4 h6 36. Ke3 a6 37. Kd4 g5 38. fxg5 hxg5 39. Kc3 Ne5 40. Kd4 Nxg4 0-1

[Event "Gatineau Commanditaires op"]
[Site "Gatineau CAN"]
[Date "2012.02.28"]
[Round "1"]
[White "Menard, Marc"]
[Black "Gagnon, Fabien"]
[Result "0-1"]
[WhiteElo "1457"]
[BlackElo "1984"]
[PlyCount "68"]
[GameId "2160767909576146"]
[EventDate "2012.02.28"]
[EventType "swiss"]
[EventRounds "4"]
[EventCountry "CAN"]
[SourceTitle "EXT 2013"]
[Source "ChessBase"]
[SourceDate "2012.11.22"]
[SourceVersion "1"]
[SourceVersionDate "2012.11.22"]
[SourceQuality "1"]

1. e4 c5 2. Nf3 e6 3. d4 cxd4 4. Nxd4 a6 5. Nc3 Qc7 6. g3 Nf6 7. Bg2 Be7 8. O-O O-O 9. a3 d6 10. Be3 Nbd7 11. f4 Nb6 12. Qe2 Bd7 13. Rfd1 Nc4 14. Rab1 Rac8 15. Bf2 b5 16. Rd3 Rfe8 17. Kh1 Bf8 18. Nf3 Bc6 19. e5 Bxf3 20. Bxf3 dxe5 21. Ne4 Nxe4 22. Bxe4 f5 23. Bg2 e4 24. Rc3 Qb7 25. g4 Rcd8 26. g5 Rd2 27. Qh5 Red8 28. Rh3 g6 29. Qh4 Rxc2 30. b3 Nxa3 31. Ra1 Rdd2 32. Rf1 Nb1 33. Kg1 Nc3 34. Ra1 Rxf2 0-1

[Event "Gatineau Commanditaires op"]
[Site "Gatineau CAN"]
[Date "2012.02.28"]
[Round "1"]
[White "Morones, Oliver"]
[Black "Scantland, Patrick"]
[Result "0-1"]
[WhiteElo "1201"]
[BlackElo "1713"]
[PlyCount "44"]
[GameId "2160767909576147"]
[EventDate "2012.02.28"]
[EventType "swiss"]
[EventRounds "4"]
[EventCountry "CAN"]
[SourceTitle "EXT 2013"]
[Source "ChessBase"]
[SourceDate "2012.11.22"]
[SourceVersion "1"]
[SourceVersionDate "2012.11.22"]
[SourceQuality "1"]

1. e4 c5 2. f4 d5 3. e5 Bf5 4. g4 Be4 5. f5 Bxh1 6. Bb5+ Nc6 7. g5 e6 8. Qg4 h5 9. Qf4 exf5 10. Qxf5 Nge7 11. Qf2 Qc7 12. d4 cxd4 13. Qxd4 O-O-O 14. Qa4 Qxe5+ 15. Ne2 g6 16. Bf4 Qxb2 17. Bxc6 Nxc6 18. Nec3 Bg7 19. Kd2 Bxc3+ 20. Nxc3 Qxa1 21. Nb5 Rhe8 22. Be3 Rxe3 0-1

[Event "Gatineau Commanditaires op"]
[Site "Gatineau CAN"]
[Date "2012.02.28"]
[Round "1"]
[White "Traversy, Pierre"]
[Black "Morel, Joseph"]
[Result "0-1"]
[WhiteElo "1096"]
[BlackElo "1692"]
[PlyCount "96"]
[GameId "2160767909576148"]
[EventDate "2012.02.28"]
[EventType "swiss"]
[EventRounds "4"]
[EventCountry "CAN"]
[SourceTitle "EXT 2013"]
[Source "ChessBase"]
[SourceDate "2012.11.22"]
[SourceVersion "1"]
[SourceVersionDate "2012.11.22"]
[SourceQuality "1"]

1. d4 d5 2. Nf3 Nf6 3. Nc3 c5 4. e3 Nc6 5. h3 a6 6. Be2 Bf5 7. a3 e6 8. Bd3 Bxd3 9. cxd3 cxd4 10. Ne2 dxe3 11. Bxe3 e5 12. b4 h6 13. Nd2 d4 14. Nxd4 exd4 15. Bf4 Be7 16. O-O O-O 17. Re1 Bd6 18. Bxd6 Qxd6 19. Nc4 Qd8 20. Ra2 b5 21. Nd2 Qd5 22. Rc2 Rfe8 23. Nf3 Rxe1+ 24. Nxe1 Re8 25. Kf1 Qb3 26. Qc1 Ne5 27. Rc8 Rxc8 28. Qxc8+ Kh7 29. Qf5+ Ng6 30. h4 Qd5 31. Qxd5 Nxd5 32. g3 Ne5 33. Ke2 g5 34. h5 Kg7 35. Nc2 Nc3+ 36. Kf1 Nxd3 37. Nxd4 Nb1 38. Nc2 Ne5 39. Ke2 Nc4 40. Kd3 Nbxa3 41. Nxa3 Nxa3 42. Kc3 f5 43. Kb3 Nc4 44. Kc3 Kf6 45. Kd4 Na3 46. Kc5 Nc2 47. f3 f4 48. g4 Ke5 0-1

[Event "Gatineau Commanditaires op"]
[Site "Gatineau CAN"]
[Date "2012.02.28"]
[Round "1"]
[White "Villeneuve, Luc"]
[Black "Legare, Gilles"]
[Result "1-0"]
[WhiteElo "1601"]
[BlackElo "1063"]
[PlyCount "41"]
[GameId "2160767909576149"]
[EventDate "2012.02.28"]
[EventType "swiss"]
[EventRounds "4"]
[EventCountry "CAN"]
[SourceTitle "EXT 2013"]
[Source "ChessBase"]
[SourceDate "2012.11.22"]
[SourceVersion "1"]
[SourceVersionDate "2012.11.22"]
[SourceQuality "1"]

1. Nf3 d6 2. d4 Nf6 3. c4 b6 4. Nc3 e6 5. g3 Be7 6. Bg2 Bb7 7. O-O Nbd7 8. Qc2 Nf8 9. Rd1 Ng6 10. e4 a5 11. e5 Ng8 12. h4 h5 13. d5 Nxe5 14. Nxe5 Nf6 15. dxe6 Bxg2 16. Kxg2 Ng4 17. Nxf7 Rf8 18. Nxd8 Kxd8 19. f3 Ne5 20. Bf4 Nxc4 21. Qe4 1-0